MARC details
| 000 -CABECERA |
| campo de control de longitud fija |
01016nam a2200253 a 4500 |
| 005 - FECHA Y HORA DE LA ÚLTIMA TRANSACCIÓN |
| campo de control |
20231026063631.0 |
| 008 - ELEMENTOS DE LONGITUD FIJA--INFORMACIÓN GENERAL |
| campo de control de longitud fija |
020924s2001 mx r 000 0 spa d |
| 020 ## - NÚMERO INTERNACIONAL NORMALIZADO PARA LIBROS |
| Número Internacional Estándar del Libro |
9701506234 |
| 035 ## - NÚMERO DE CONTROL DEL SISTEMA |
| Número de control de sistema |
UPN01000119585 |
| 049 ## - COLECCIÓN |
| Colección |
CG |
| 050 #4 - SIGNATURA TOPOGRÁFICA DE LA BIBLIOTECA DEL CONGRESO |
| Número de clasificación |
HA29.5 S6 |
| Número de documento/Ítem |
M3.38 2001 |
| 100 1# - ASIENTO PRINCIPAL--NOMBRE PERSONAL |
| Nombre de persona |
Mason, Robert D. |
| 245 10 - MENCIÓN DE TÍTULO |
| Título |
Estadística para administración y economía / |
| Mención de responsabilidad, etc. |
Robert D. Mason, Douglas A. Lind, William G. Marchal ; tr. María Cristina Hernández Lozano. |
| 250 ## - MENCIÓN DE EDICIÓN |
| Mención de edición |
10a ed. |
| 260 ## - PUBLICACIÓN, DISTRIBUCIÓN, ETC. |
| Lugar de publicación, distribución, etc. |
México : |
| Nombre del editor, distribuidor, etc. |
Alfaomega, |
| Fecha de publicación, distribución, etc. |
2001. |
| 300 ## - DESCRIPCIÓN FÍSICA |
| Extensión |
xix, 795 p. [1] h. pleg. : |
| Otras características físicas |
il. + |
| Material acompañante/anejo |
1 CD-ROM : col; 4 3/4 pleg. |
| 500 ## - NOTA GENERAL |
| Nota general |
"CD-ROM. Cuestionarios de práctica. Presentaciones de power point. Conjunto de datos ASCII. Archivos MINITAB Y exel" |
| 534 ## - NOTA SOBRE LA VERSIÓN ORIGINAL |
| Frase introductoria |
Título original: |
| Mención de título del original |
Statístical tecniques in business |
| 650 #4 - ASIENTO SECUNDARIO DE MATERIA - TERMINO TEMATICO |
| Término de materia o nombre geográfico como elemento de entrada |
Estadística |
| Subdivisión de forma |
Problemas, ejercicios, etc. |
| 9 (RLIN) |
9979 |
| 650 #4 - ASIENTO SECUNDARIO DE MATERIA - TERMINO TEMATICO |
| Término de materia o nombre geográfico como elemento de entrada |
ESTADISTICA COMERCIAL |
| 9 (RLIN) |
13820 |
| 700 1# - ASIENTO SECUNDARIO--NOMBRE DE PERSONAL |
| Nombre de persona |
Lind, Douglas A., |
| Término indicativo de función/relación |
coaut. |
| 700 1# - ASIENTO SECUNDARIO--NOMBRE DE PERSONAL |
| Nombre de persona |
Marchal, William, G., |
| Término indicativo de función/relación |
coaut. |
| 905 ## - TIPO DE MATERIAL |
| Tipo de material |
Libro |